[Event "Ruhrgebiet Verbandsbezirksliga Gr 1"]
[Site "Ruhrgebiet"]
[Date "2019.05.19"]
[Round "9.8"]
[White "Kogan, Anatol"]
[Black "Potthink, Tom"]
[Result "1/2-1/2"]
[WhiteElo "1352"]
[BlackElo "1397"]
[PlyCount "25"]
[EventDate "2018.09.30"]
[EventType "team-tourn"]
[EventRounds "9"]
[EventCountry "GER"]
[SourceTitle "EXT 2022"]
[Source "ChessBase"]
[SourceDate "2021.10.06"]
[SourceVersion "1"]
[SourceVersionDate "2021.10.06"]
[SourceQuality "1"]
[WhiteTeam "Unna SV II"]
[BlackTeam "Boenen SV II"]
[WhiteTeamCountry "GER"]
[BlackTeamCountry "GER"]

1. d4 d5 2. Bf4 Nc6 3. e3 Nf6 4. Nf3 Bf5 5. h3 e6 6. c3 Bd6 7. Bxd6 Qxd6 8. Nbd2 0-0-0 9. Bb5 a6 10. Ba4 Ne4 11. Bc2 Nxd2 12. Qxd2 Bxc2 13. Qxc2 1/2-1/2

[Event "Ruhrgebiet Verbandsbezirksliga Gr 1"]
[Site "Ruhrgebiet"]
[Date "2019.02.10"]
[Round "6.8"]
[White "Ismail Zade, Hamed"]
[Black "Kogan, Anatol"]
[Result "0-1"]
[WhiteElo "1422"]
[BlackElo "1352"]
[PlyCount "68"]
[EventDate "2018.09.30"]
[EventType "team-tourn"]
[EventRounds "9"]
[EventCountry "GER"]
[SourceTitle "EXT 2022"]
[Source "ChessBase"]
[SourceDate "2021.10.06"]
[SourceVersion "1"]
[SourceVersionDate "2021.10.06"]
[SourceQuality "1"]
[WhiteTeam "Werne SK"]
[BlackTeam "Unna SV II"]
[WhiteTeamCountry "GER"]
[BlackTeamCountry "GER"]

1. d4 Nf6 2. c4 g6 3. Nc3 Bg7 4. e4 d6 5. Nf3 Nbd7 6. Bg5 c5 7. d5 Qa5 8. Qd2 h6 9. Bh4 g5 10. Bg3 Nh5 11. Bd3 Nxg3 12. hxg3 Ne5 13. Nxe5 Bxe5 14. 0-0 Bd7 15. Rac1 0-0-0 16. a3 Kb8 17. Rfd1 Bf6 18. Nb5 Qxd2 19. Rxd2 g4 20. b4 Bg5 21. Rdc2 Bxc1 22. Rxc1 Bxb5 23. cxb5 Rc8 24. bxc5 Rxc5 25. Rxc5 dxc5 26. Bc4 f6 27. f4 Kc7 28. Kf2 Kb6 29. a4 Ka5 30. Bb3 Kb4 31. Bc2 Kc3 32. Bb1 Kd2 33. e5 fxe5 34. fxe5 Rd8 0-1

[Event "Ruhrgebiet Bezirksliga 17/18"]
[Site "Ruhrgebiet"]
[Date "2018.03.11"]
[Round "8.7"]
[White "Kogan, Anatol"]
[Black "Busche, Heinz"]
[Result "1/2-1/2"]
[WhiteElo "1311"]
[BlackElo "1300"]
[PlyCount "31"]
[EventDate "2017.09.03"]
[EventType "team-tourn"]
[EventRounds "9"]
[EventCountry "GER"]
[SourceTitle "EXT 2022"]
[Source "ChessBase"]
[SourceDate "2021.10.06"]
[SourceVersion "1"]
[SourceVersionDate "2021.10.06"]
[SourceQuality "1"]
[WhiteTeam "Unna SV II"]
[BlackTeam "Ahlen SV II"]
[WhiteTeamCountry "GER"]
[BlackTeamCountry "GER"]

1. d4 d5 2. Bf4 Nf6 3. e3 c6 4. Nd2 Bf5 5. c3 e6 6. Ngf3 Nbd7 7. h3 h6 8. Be2 Be7 9. Ne5 0-0 10. Ndf3 Ne4 11. Nxd7 Qxd7 12. Nd2 Nxd2 13. Qxd2 Bd6 14. Bxd6 Qxd6 15. Bd3 Bxd3 16. Qxd3 1/2-1/2

[Event "Ruhrgebiet Bezirksliga 15/16"]
[Site "Ruhrgebiet"]
[Date "2016.01.10"]
[Round "6.6"]
[White "Baschin, Wolf Hajo"]
[Black "Kogan, Anatol"]
[Result "1-0"]
[WhiteElo "1564"]
[BlackElo "1281"]
[PlyCount "103"]
[EventDate "2015.08.30"]
[EventType "team-tourn"]
[EventRounds "9"]
[EventCountry "GER"]
[SourceTitle "EXT 2022"]
[Source "ChessBase"]
[SourceDate "2021.10.06"]
[SourceVersion "1"]
[SourceVersionDate "2021.10.06"]
[SourceQuality "1"]
[WhiteTeam "Hamm SVg II"]
[BlackTeam "Unna SV II"]
[WhiteTeamCountry "GER"]
[BlackTeamCountry "GER"]

1. d4 d5 2. Bf4 e6 3. Nf3 Nf6 4. e3 a6 5. a4 c5 6. c3 cxd4 7. cxd4 Bb4+ 8. Nc3 Ne4 9. Qb3 Qa5 10. Rc1 Nc6 11. Bd3 Nxc3 12. bxc3 Be7 13. 0-0 0-0 14. c4 Qb4 15. Qc2 h6 16. c5 Qa5 17. Rb1 Bd8 18. Qb3 Bc7 19. Bxc7 Qxc7 20. Qb6 Qxb6 21. Rxb6 Rb8 22. Rfb1 Re8 23. Bxa6 bxa6 24. Rxb8 Nxb8 25. Rxb8 Bd7 26. Rxe8+ Bxe8 27. a5 f6 28. Kf1 Kf8 29. Ke2 Ke7 30. Kd2 Bb5 31. g3 Kd7 32. Kc3 g5 33. Nd2 g4 34. e4 f5 35. exd5 exd5 36. Nb3 Kc6 37. Nc1 Bc4 38. Kb4 h5 39. Ka4 Bb5+ 40. Kb3 Bc4+ 41. Kb4 Bb5 42. Na2 Bc4 43. Nc3 Bd3 44. Nd1 Be2 45. Ne3 Bd3 46. Ng2 Kd7 47. Nf4 Be4 48. Nxh5 Ke6 49. Nf4+ Kd7 50. Ng6 Bf3 51. Ne5+ Ke6 52. Nxf3 1-0